[Event "Brunei IM-A"]
[Site "Bandar Seri Begawan"]
[Date "2011.03.03"]
[Round "8"]
[White "Abidin, Zukkernain"]
[Black "Khamrakulov, Djurabek"]
[Result "0-1"]
[WhiteElo "2179"]
[BlackElo "2479"]
[PlyCount "62"]
[EventDate "2011.02.27"]
[EventType "tourn"]
[EventRounds "9"]
[EventCountry "BRN"]
[EventCategory "4"]
[SourceTitle "CBM 141 Extra"]
[Source "ChessBase"]
[SourceDate "2011.05.03"]
[SourceVersion "1"]
[SourceVersionDate "2011.05.03"]
[SourceQuality "1"]

1. d4 Nf6 2. c4 e6 3. Nc3 Bb4 4. e3 c5 5. a3 Ba5 6. Bd3 d5 7. Nge2 cxd4 8. exd4 Nc6 9. b4 dxc4 10. Bxc4 Bb6 11. Be3 0-0 12. 0-0 Ng4 13. Rc1 e5 14. Nd5 Nxe3 15. fxe3 exd4 16. Nxb6 axb6 17. Qb3 Ne5 18. Nxd4 Bg4 19. Bd5 Qe7 20. e4 Kh8 21. Qg3 f6 22. h3 Bd7 23. Rc7 g6 24. Rfc1 Qd6 25. Qc3 Bc6 26. Ne6 Rfe8 27. Bxc6 bxc6 28. Rxc6 Qxc6 29. Qxc6 Nxc6 30. Nc7 Nd4 31. Nxa8 Ne2+ 0-1